| 000 | 00453nam a2200181 i 4500 | ||
|---|---|---|---|
| 001 | bg | ||
| 100 | 1 | _aFISCHER, Ladislav | |
| 245 | 0 |
_aTheory and practice of shell structures / _cby Ladislav Fischer. |
|
| 260 |
_aBerlin : _bErnst and Sohn, _c1968. |
||
| 300 | _a541 s. | ||
| 504 | _aBibliogr. | ||
| 650 | 9 | _aKonstrukcje budowlane | |
| 040 | _cBPK | ||
| 041 | _apol | ||
| 080 | _a624.07 | ||
| 942 | _cKS | ||
| 008 | s pl f |000 0 pol | ||
| 999 |
_c8104 _d8104 |
||
| 856 |
_uhttp://koha.tu.koszalin.pl/cgi-bin/koha/opac-detail.pl?biblionumber=8104 _yKatalog online BPK |
||